NFL Retired Numbers: AFC East - Statistics

General Stats
  • This quiz has been taken 61 times
  • The average score is 9 of 19
Answer Stats
Team Number Player Years w/ Team % Correct
New EnglandPatriots #12 TomBrady 2000-2019
100%
MiamiDolphins #13 DanMarino 1983-1999
94%
BuffaloBills #12 JimKelly 1986-1996
92%
New YorkJets #12 JoeNamath 1965-1976
90%
MiamiDolphins #12 BobGriese 1967-1980
71%
BuffaloBills #34 ThurmanThomas 1988-1999
71%
BuffaloBills #78 BruceSmith 1985-1999
69%
MiamiDolphins #39 LarryCsonka 1968-1974;1979
69%
New YorkJets #28 CurtisMartin 1998-2005
56%
New EnglandPatriots #73 JohnHannah 1973-1985
50%
New YorkJets #13 DonMaynard 1963-1972
42%
New YorkJets #73 JohnKlecko 1977-1987
38%
New YorkJets #90 DennisByrd 1989-1992
21%
New EnglandPatriots #40 MikeHaynes 1976-1982
19%
New EnglandPatriots #20 GinoCappelletti 1960-1970
15%
New EnglandPatriots #78 BruceArmstrong 1987-2000
13%
New EnglandPatriots #89 BobDee 1960-1967
6%
New EnglandPatriots #57 SteveNelson 1974-1987
6%
New EnglandPatriots #79 Jim LeeHunt 1960-1970
4%
No matching quizzes found
Score Distribution
Percent of People with Each Score
Percentile by Number Answered
Your Score History
You have not taken this quiz